| LEADER |
01055nam0a2200205 450 |
| 001 |
16830840 |
| 010 |
|
|
|a 978-2-7459-9440-0
|b br.
|d 4,99
|
| 100 |
|
|
|a 20180118d2018 u u0frey01 ba
|
| 101 |
0 |
|
|a fre
|
| 102 |
|
|
|a FR
|
| 200 |
0 |
|
|a arbre à frites (L')
|e D'abord, on joue !
|f Ghislaine Biondi
|g [illustrations de] Lucile Ahrweiller
|
| 207 |
|
1 |
|a
|
| 210 |
|
|
|a Toulouse
|c éd. Milan
|d 2018
|
| 215 |
|
|
|a 1 vol. (23 p.)
|c ill. en coul.
|d 19 cm
|
| 330 |
|
|
|a Emma se moque de son petit frère en lui faisant croire à l'existence d'un mystérieux arbre à frites. Pourtant, toutes les frites ne viennent pas du congélateur... Emma va l'apprendre à ses dépens.Un livre en trois parties : d'abord des jeux pour s'échauffer à la lecture, puis un récit pour le plaisir de lire et, enfin, une comptine détournée pour décompresser.
|
| 700 |
|
0 |
|a Biondi
|b Ghislaine
|4 70
|
| 702 |
|
0 |
|a Ahrweiller
|b Lucile
|4 440
|
| 900 |
|
|
|a Roman enfant
|
| 901 |
|
|
|a Accessible au prêt
|
| 995 |
|
|
|a Bibliothèque
|c Bibliothèque
|f 024019206
|h 024019206
|k E C2 BIO
|o p
|q j
|r az
|e Bibliothèque
|